[Event "Mersin op-B 7th"]
[Site "Mersin"]
[Date "2023.11.14"]
[Round "4"]
[White "Abdullahoglu, Diren Can"]
[Black "Polat, Ali Gorkem"]
[Result "1-0"]
[WhiteElo "1760"]
[BlackElo "1645"]
[PlyCount "61"]
[EventDate "2023.11.12"]
[EventType "swiss"]
[EventRounds "9"]
[EventCountry "TUR"]
[SourceTitle "CBM 217 Extra"]
[Source "ChessBase"]
[SourceDate "2024.01.31"]
[SourceVersion "1"]
[SourceVersionDate "2024.01.31"]
[SourceQuality "1"]

1. d4 Nf6 2. g3 d5 3. c4 e6 4. Bg2 Be7 5. Nf3 0-0 6. 0-0 b6 7. cxd5 exd5 8. Nc3 Bb7 9. Bf4 a6 10. Qb3 Nc6 11. Rfd1 Na5 12. Qc2 Nh5 13. Bd2 Nc4 14. Rac1 Re8 15. Ne5 Nxd2 16. Rxd2 Nf6 17. Qb3 Rb8 18. e4 c5 19. Nxd5 Nxd5 20. exd5 Bd6 21. Nc6 Bxc6 22. dxc6 cxd4 23. Rxd4 Qf6 24. Rd3 Re2 25. Rf3 Qe7 26. Rxf7 Re1+ 27. Rxe1 Qxe1+ 28. Bf1 Kh8 29. Qd5 Qb4 30. c7 Re8 31. Qc6 1-0

[Event "Mersin op-B 7th"]
[Site "Mersin"]
[Date "2023.11.13"]
[Round "3"]
[White "Ucoluk, Umut"]
[Black "Abdullahoglu, Diren Can"]
[Result "1/2-1/2"]
[WhiteElo "1717"]
[BlackElo "1760"]
[PlyCount "48"]
[EventDate "2023.11.12"]
[EventType "swiss"]
[EventRounds "9"]
[EventCountry "TUR"]
[SourceTitle "CBM 217 Extra"]
[Source "ChessBase"]
[SourceDate "2024.01.31"]
[SourceVersion "1"]
[SourceVersionDate "2024.01.31"]
[SourceQuality "1"]

1. e4 e6 2. d4 b6 3. Nf3 Bb7 4. Bd3 c5 5. c3 Nf6 6. Qe2 Be7 7. 0-0 Qc7 8. Bg5 h6 9. Bh4 d6 10. Nbd2 Nc6 11. Rfc1 0-0-0 12. b4 Nh5 13. Bxe7 Nxe7 14. Ba6 Nf4 15. Bxb7+ Kxb7 16. Qe3 g5 17. bxc5 dxc5 18. Nc4 Rc8 19. Rab1 Ka8 20. g3 Nh3+ 21. Kg2 g4 22. Nfe5 f5 23. Rb5 Rhf8 24. Rcb1 Qd8 1/2-1/2

[Event "TUR-chT 2nd League"]
[Site "Konya"]
[Date "2019.07.25"]
[Round "6.5"]
[White "Polat, Ali Gorkem"]
[Black "Abdullahoglu, Diren Can"]
[Result "0-1"]
[WhiteElo "1604"]
[BlackElo "1889"]
[PlyCount "58"]
[EventDate "2019.07.22"]
[EventType "team-swiss"]
[EventRounds "9"]
[EventCountry "TUR"]
[SourceTitle "CBM 191 Extra"]
[Source "ChessBase"]
[SourceDate "2019.09.30"]
[SourceVersion "1"]
[SourceVersionDate "2019.09.30"]
[SourceQuality "1"]
[WhiteTeam "Karaman Masterler"]
[BlackTeam "Samandag Altin"]
[WhiteTeamCountry "TUR"]
[BlackTeamCountry "TUR"]

1. e4 g6 2. d4 Bg7 3. Nc3 d6 4. g3 Nf6 5. Bg2 0-0 6. Nge2 c6 7. 0-0 Qc7 8. h3 b5 9. a3 Nbd7 10. Be3 a5 11. Na2 Rb8 12. c3 c5 13. Rc1 Nb6 14. e5 dxe5 15. dxe5 Ne8 16. b4 Be6 17. Qc2 Nc4 18. Bxc5 Nxa3 19. Qd2 Bxe5 20. Nd4 Bxd4 21. cxd4 Nc4 22. Qe2 Nf6 23. Nc3 axb4 24. Bxb4 Qd7 25. Kh2 Rfe8 26. Bc5 Nd5 27. Nxd5 Bxd5 28. Bxd5 Qxd5 29. Qd3 Nd6 0-1

[Event "TUR-chT 2nd League"]
[Site "Konya"]
[Date "2019.07.23"]
[Round "3.6"]
[White "Abdullahoglu, Diren Can"]
[Black "Tahaoglu, Ugur Barkin"]
[Result "1/2-1/2"]
[WhiteElo "1889"]
[BlackElo "1939"]
[PlyCount "72"]
[EventDate "2019.07.22"]
[EventType "team-swiss"]
[EventRounds "9"]
[EventCountry "TUR"]
[SourceTitle "CBM 191 Extra"]
[Source "ChessBase"]
[SourceDate "2019.09.30"]
[SourceVersion "1"]
[SourceVersionDate "2019.09.30"]
[SourceQuality "1"]
[WhiteTeam "Samandag Altin"]
[BlackTeam "Marmara Universitesi"]
[WhiteTeamCountry "TUR"]
[BlackTeamCountry "TUR"]

1. d4 Nf6 2. Nf3 d5 3. c4 e6 4. Nc3 Bb4 5. e3 0-0 6. Bd3 b6 7. cxd5 exd5 8. Qc2 c5 9. a3 Bxc3+ 10. Qxc3 c4 11. Bc2 Nc6 12. Ne5 Qc7 13. f4 b5 14. 0-0 a5 15. Qe1 Ne7 16. f5 Nc6 17. Bd2 Bb7 18. Nxc6 Bxc6 19. Qh4 Rfe8 20. g4 Ne4 21. f6 Qd8 22. Bxe4 Rxe4 23. Qg5 Qf8 24. h3 g6 25. Rf3 h6 26. Qh4 Kh7 27. Qg3 Qd8 28. Raf1 Qb6 29. Rf4 Qc7 30. Qe1 Re6 31. g5 Re4 32. Rxe4 dxe4 33. Rf4 Bd5 34. Rh4 h5 35. Kh1 Be6 36. Kg2 Ra6 1/2-1/2

[Event "TUR-chT 2nd League"]
[Site "Konya"]
[Date "2018.07.21"]
[Round "8.9"]
[White "Lomsadze, David"]
[Black "Abdullahoglu, Diren Can"]
[Result "1-0"]
[WhiteElo "2348"]
[BlackElo "1897"]
[PlyCount "119"]
[EventDate "2018.07.16"]
[EventType "team-swiss"]
[EventRounds "9"]
[EventCountry "TUR"]
[SourceTitle "EXT 2019"]
[Source "ChessBase"]
[SourceDate "2018.10.10"]
[SourceVersion "1"]
[SourceVersionDate "2018.10.10"]
[SourceQuality "1"]
[WhiteTeam "Mugla Ortaca Belediye"]
[BlackTeam "Mardin Kale"]
[WhiteTeamCountry "TUR"]
[BlackTeamCountry "TUR"]

1. Nf3 d5 2. g3 Nf6 3. Bg2 c6 4. 0-0 Bf5 5. d3 e6 6. Nh4 Bg6 7. Nd2 Be7 8. e4 dxe4 9. dxe4 Nbd7 10. Nxg6 hxg6 11. Qe2 Qa5 12. a4 Rd8 13. Nc4 Qh5 14. Qxh5 Rxh5 15. Bf3 Rc5 16. b3 Ne5 17. Nxe5 Rxe5 18. Bf4 Rc5 19. c4 e5 20. Be3 Ra5 21. Rfd1 Bb4 22. Rxd8+ Kxd8 23. Rd1+ Ke7 24. Bg2 c5 25. f4 Bc3 26. Rd3 Bb2 27. Bh3 Bd4 28. fxe5 Bxe5 29. Bc8 Nxe4 30. Bxb7 Nd6 31. Bc6 Nf5 32. Rd5 Bd4 33. Bxd4 Nxd4 34. b4 Ra6 35. Bb5 Nxb5 36. axb5 Ra4 37. bxc5 Ra2 38. c6 Ra3 39. Rd7+ Ke6 40. Kf2 g5 41. Ke2 g6 42. Kd2 g4 43. Rd8 Ra2+ 44. Kc1 Ra4 45. Kb2 Rxc4 46. Kb3 Rc1 47. Ra8 Kd6 48. Rxa7 Rb1+ 49. Kc4 Rc1+ 50. Kb4 Rb1+ 51. Kc4 Rc1+ 52. Kd4 Rd1+ 53. Ke3 Rb1 54. Rd7+ Kc5 55. Rb7 Rb3+ 56. Kd2 Kd6 57. c7 Kd7 58. b6 Rb5 59. Rb8 Rc5 60. Rd8+ 1-0

[Event "TUR-chT 2nd League"]
[Site "Konya"]
[Date "2018.07.19"]
[Round "5.11"]
[White "Abdullahoglu, Diren Can"]
[Black "Darban Vaighani, Morteza"]
[Result "0-1"]
[WhiteElo "1897"]
[BlackElo "2312"]
[PlyCount "78"]
[EventDate "2018.07.16"]
[EventType "team-swiss"]
[EventRounds "9"]
[EventCountry "TUR"]
[SourceTitle "EXT 2019"]
[Source "ChessBase"]
[SourceDate "2018.10.10"]
[SourceVersion "1"]
[SourceVersionDate "2018.10.10"]
[SourceQuality "1"]
[WhiteTeam "Mardin Kale"]
[BlackTeam "Bursa Nida"]
[WhiteTeamCountry "TUR"]
[BlackTeamCountry "TUR"]

1. d4 d6 2. Nf3 g6 3. e4 Nf6 4. Nc3 Bg7 5. h3 0-0 6. Bg5 c6 7. Qd2 Qc7 8. 0-0-0 Nbd7 9. g4 b5 10. Bd3 b4 11. Ne2 c5 12. b3 a5 13. Bh6 a4 14. Bxg7 Kxg7 15. g5 Nh5 16. Kb1 Nb6 17. d5 e5 18. Bb5 Ra5 19. Bc6 Bd7 20. Nh2 axb3 21. cxb3 Bxc6 22. dxc6 Qxc6 23. f3 Nc8 24. Ng4 f5 25. gxf6+ Nxf6 26. Ng3 Ng8 27. Rhf1 Rf4 28. Ne2 Rf7 29. Qg5 c4 30. Qe3 cxb3 31. Rc1 Qa6 32. Ng3 Rxa2 33. Qxb3 Ra3 34. Qb2 Qd3+ 35. Rc2 Rb3 36. Rfc1 Rxb2+ 37. Kxb2 Qa3+ 38. Kb1 b3 39. Rb2 Ra7 0-1

[Event "TUR-chT 2nd League"]
[Site "Konya"]
[Date "2017.07.20"]
[Round "6.4"]
[White "Demirag, Batuhan"]
[Black "Abdullahoglu, Diren Can"]
[Result "1-0"]
[WhiteElo "1914"]
[BlackElo "1891"]
[PlyCount "69"]
[EventDate "2017.07.17"]
[EventType "team-swiss"]
[EventRounds "9"]
[EventCountry "TUR"]
[SourceTitle "CBM 179 Extra"]
[Source "ChessBase"]
[SourceDate "2017.08.23"]
[SourceVersion "1"]
[SourceVersionDate "2017.08.23"]
[SourceQuality "1"]
[WhiteTeam "Mugla Ortaca Belediye"]
[BlackTeam "Kahramanmaras Ustad"]
[WhiteTeamCountry "TUR"]
[BlackTeamCountry "TUR"]

1. Nf3 Nf6 2. c4 g6 3. b3 Bg7 4. Bb2 0-0 5. g3 d6 6. Bg2 e5 7. d3 Nc6 8. 0-0 h6 9. Nc3 Be6 10. e3 Qd7 11. d4 exd4 12. exd4 Bh3 13. d5 Bxg2 14. Kxg2 Ne7 15. h3 g5 16. Re1 Ng6 17. Nd4 Rfe8 18. Qc2 Re5 19. Rxe5 dxe5 20. Nf5 Bf8 21. Rd1 Re8 22. Ne3 e4 23. Qe2 Bd6 24. Ng4 Nxg4 25. Qxg4 f5 26. Qh5 Kh7 27. Bc1 Qf7 28. Qe2 Qg7 29. Qc2 Qe7 30. Re1 Ne5 31. Nxe4 fxe4 32. Rxe4 Kg8 33. f4 gxf4 34. gxf4 Qg7+ 35. Kh1 1-0

[Event "TUR-chT 2nd League"]
[Site "Konya"]
[Date "2017.07.20"]
[Round "5.4"]
[White "Unluturk, Kilic Ethem"]
[Black "Abdullahoglu, Diren Can"]
[Result "1-0"]
[WhiteElo "1824"]
[BlackElo "1891"]
[PlyCount "101"]
[EventDate "2017.07.17"]
[EventType "team-swiss"]
[EventRounds "9"]
[EventCountry "TUR"]
[SourceTitle "CBM 179 Extra"]
[Source "ChessBase"]
[SourceDate "2017.08.23"]
[SourceVersion "1"]
[SourceVersionDate "2017.08.23"]
[SourceQuality "1"]
[WhiteTeam "Ankara Hayat"]
[BlackTeam "Kahramanmaras Ustad"]
[WhiteTeamCountry "TUR"]
[BlackTeamCountry "TUR"]

1. d4 Nf6 2. Nf3 g6 3. c4 Bg7 4. Nc3 0-0 5. Bf4 d6 6. h3 c6 7. e3 Bf5 8. Be2 Qb6 9. Qb3 Nbd7 10. 0-0 h6 11. Bh2 g5 12. Rfe1 Rfc8 13. g4 Bh7 14. Rad1 Ne4 15. Nxe4 Bxe4 16. Nd2 Qxb3 17. axb3 Bg6 18. Bf3 a5 19. Ra1 Ra7 20. Be4 Kh7 21. Ra2 c5 22. Bxg6+ Kxg6 23. Kf1 b6 24. Nb1 cxd4 25. exd4 Nb8 26. Nc3 Bxd4 27. Nb5 Nc6 28. Nxa7 Nxa7 29. Rxe7 Nc6 30. Re2 Bc5 31. Rd2 Nd4 32. Bxd6 Nxb3 33. Rd5 Bd4 34. Ra3 Nd2+ 35. Ke2 Bxb2 36. Kxd2 Bxa3 37. Bxa3 Rxc4 38. Rd6+ f6 39. Rxb6 Rf4 40. Ke2 h5 41. Bc1 Rc4 42. gxh5+ Kxh5 43. Bd2 Kg6 44. Bxa5 Rc5 45. Bd2 Rf5 46. Bc3 Rf4 47. Ke3 Rh4 48. Rxf6+ Kh5 49. Rf3 Rc4 50. Bd4 Ra4 51. Rg3 1-0

[Event "TUR-chT 2nd League"]
[Site "Konya"]
[Date "2017.07.18"]
[Round "2.6"]
[White "Abdullahoglu, Diren Can"]
[Black "Yalim, Suleyman"]
[Result "1/2-1/2"]
[WhiteElo "1891"]
[BlackElo "2039"]
[PlyCount "61"]
[EventDate "2017.07.17"]
[EventType "team-swiss"]
[EventRounds "9"]
[EventCountry "TUR"]
[SourceTitle "CBM 179 Extra"]
[Source "ChessBase"]
[SourceDate "2017.08.23"]
[SourceVersion "1"]
[SourceVersionDate "2017.08.23"]
[SourceQuality "1"]
[WhiteTeam "Kahramanmaras Ustad"]
[BlackTeam "Malatya Yesilyurt"]
[WhiteTeamCountry "TUR"]
[BlackTeamCountry "TUR"]

1. d4 Nf6 2. Nf3 e6 3. c4 d5 4. Nc3 c6 5. e3 Bd6 6. Bd3 Nbd7 7. 0-0 0-0 8. Re1 e5 9. cxd5 cxd5 10. Nb5 Bb8 11. dxe5 Nxe5 12. Nxe5 Bxe5 13. f4 Bb8 14. b3 a6 15. Nd4 Ba7 16. Bb2 Re8 17. Rc1 Bd7 18. Nc2 Ne4 19. Qh5 Bc6 20. Qg4 Nf6 21. Qh4 Ne4 22. Qg4 Nf6 23. Qh3 Ne4 24. Nd4 Bxd4 25. Bxd4 f6 26. Rc2 Rc8 27. Rec1 Qd7 28. Qh5 Qf7 29. Qe2 Qd7 30. Qh5 Re6 31. a4 1/2-1/2